|
|
|
|
| LEADER |
01195nam a2200289 a 4500 |
| 001 |
11878221 |
| 008 |
120315s2000 nyua b 001 0 eng d |
| 010 |
|
|
|a 99045249
|
| 020 |
|
|
|a 068487170X
|
| 040 |
|
|
|a DLC
|c DLC
|d DLC
|d BD-DhAAL
|
| 082 |
0 |
0 |
|a 620/.0068
|2 21
|
| 100 |
1 |
|
|a Nesheim, John L.,
|d 1942-
|
| 245 |
1 |
0 |
|a High tech start-up :
|b the complete handbook for creating successful new high tech companies /
|c John L. Nesheim.
|
| 250 |
|
|
|a Rev. and updated.
|
| 260 |
|
|
|a New York :
|b Free Press,
|c 2000.
|
| 300 |
|
|
|a viii, 343 p. :
|b ill. ;
|c 25 cm.
|
| 500 |
|
|
|a "First Free Press edition"--Verso t.p.
|
| 504 |
|
|
|a Includes bibliographical references (p. 331) and index.
|
| 541 |
1 |
|
|e 00024591
|
| 650 |
|
0 |
|a New business enterprises
|x Management.
|
| 650 |
|
0 |
|a High technology industries
|x Management.
|
| 650 |
|
0 |
|a New business enterprises
|x Finance.
|
| 650 |
|
0 |
|a High technology industries
|x Finance.
|
| 650 |
|
0 |
|a Venture capital.
|
| 852 |
1 |
|
|a Ayesha Abed Library
|j General shelf
|
| 999 |
|
|
|c 11974
|d 11974
|
| 952 |
|
|
|0 0
|1 0
|4 0
|6 620_006800000000000_NES
|7 0
|9 19686
|a BRACUL
|b BRACUL
|c GEN
|d 2012-03-14
|e Trim Education
|g 3475.00
|l 8
|m 69
|o 620.0068 NES
|p 3010024591
|r 2025-07-20
|s 2024-07-14
|t 1
|w 2012-03-15
|y BK
|